| 000 | 00846nas a2200277 4500 | ||
|---|---|---|---|
| 001 | BR0901099 | ||
| 003 | BR-BrBNA | ||
| 005 | 20231205113125.0 | ||
| 007 | ta | ||
| 008 | 230509b bl.|||p| |||| 00| 00por d | ||
| 040 |
_aBR-BrBNA _bpor _cBiblioteca Nacional de Agricultura |
||
| 041 | _a(Pt) | ||
| 072 | _aF30; F01; U10 | ||
| 100 | 1 | _aMartuscello, J.A. | |
| 100 | 1 | _aJank, L. | |
| 100 | 1 | _aFonseca, D.M. da | |
| 100 | 1 | _aCruz, C.D. | |
| 100 | 1 | _aCunha, D. de N.F.V. da | |
| 245 | 1 | _aRepetibilidade de caracteres agronômicos em Panicum maximum Jacq. | |
| 650 | _aPRODUÇÃO | ||
| 650 | _aMATÉRIA SECA | ||
| 650 | _aMÉTODO ESTATÍSTICO | ||
| 773 | 0 |
_tRevista Brasileira de Zootecnia (Brazil) _xISSN 1516-3598 _g(Nov-Dec 2007), v. 36(6) p. 1975-1981 _wBR0901099 |
|
| 909 |
_a202311 _bLúcia _c55 _dLúcia Elande |
||
| 942 |
_2AGRIS _n0 _cANA |
||
| 999 |
_c201976 _d201976 |
||